[Event "Euro Online U2300 Day 1"]
[Site "chess.com INT"]
[Date "2020.05.25"]
[Round "2"]
[White "Patrelakis, Evaggelos"]
[Black "Risteski, Emil"]
[Result "1-0"]
[WhiteElo "2259"]
[BlackElo "2159"]
[WhiteFideId "4295102"]
[BlackFideId "15005267"]
[EventDate "2020.05.25"]

1. e4 c5 2. Nf3 Nc6 3. d4 cxd4 4. Nxd4 Nf6 5. Nc3 d6 6. Bg5 e6 7. Qd2 a6 8.
O-O-O Be7 9. f4 Bd7 10. Nf3 b5 11. e5 b4 12. exf6 bxc3 13. Qxc3 gxf6 14. Bh4 d5
15. Kb1 Nb4 16. Nd4 Rg8 17. g3 Rc8 18. Qd2 Qb6 19. c3 Nc6 20. Bg2 Rb8 21. Nxc6
Bxc6 22. Ka1 Qa5 23. c4 Bb4 24. Qd3 Ba4 25. cxd5 Bxd1 26. Rxd1 Qb5 27. Qc2 Qc5
28. Qxh7 Rf8 29. dxe6 Bc3 30. exf7+ Ke7 31. Qe4+ Kxf7 32. Rd7+ 1-0

[Event "Euro Online U2300 Day 1"]
[Site "chess.com INT"]
[Date "2020.05.25"]
[Round "2"]
[White "Galiana Fernandez, Adrian"]
[Black "Putrenko, Kirill"]
[Result "1-0"]
[WhiteTitle "FM"]
[WhiteElo "2260"]
[BlackElo "2114"]
[WhiteFideId "32010150"]
[BlackFideId "44148402"]
[EventDate "2020.05.25"]

1. e4 c5 2. Nf3 d6 3. d4 cxd4 4. Nxd4 Nf6 5. Nc3 a6 6. Bg5 Nbd7 7. Bc4 Qb6 8.
Bb3 e6 9. Qd2 Be7 10. O-O-O Nc5 11. Rhe1 Qc7 12. f4 b5 13. e5 dxe5 14. fxe5 b4
15. exf6 bxc3 16. Qf2 cxb2+ 17. Kb1 gxf6 18. Bxf6 Rg8 19. Bxe7 Kxe7 20. Nf5+ Ke8
21. Nd6+ Kf8 22. Nxf7 Qxf7 23. Qxc5+ Kg7 24. Rf1 Qg6 25. Qe5+ Kh6 26. Rf6 Bb7
27. Rd4 Rgf8 28. Rh4+ Kg7 29. Rxg6+ Kxg6 30. Rg4+ Kf7 31. Rg7+ Ke8 32. Qxe6+ Kd8
33. Qd7# 1-0

[Event "Euro Online U2300 Day 1"]
[Site "chess.com INT"]
[Date "2020.05.25"]
[Round "2"]
[White "De Verdier, Michael"]
[Black "Medancic, Rikard"]
[Result "0-1"]
[WhiteTitle "FM"]
[BlackTitle "IM"]
[WhiteElo "2291"]
[BlackElo "2145"]
[WhiteFideId "1710516"]
[BlackFideId "14500531"]
[EventDate "2020.05.25"]

1. Nf3 d5 2. e3 Nf6 3. c4 c6 4. Nc3 e6 5. d4 Nbd7 6. Bd2 Bd6 7. Bd3 Qe7 8. Qc2
h6 9. O-O O-O 10. Rad1 Rd8 11. e4 dxe4 12. Nxe4 Nxe4 13. Bxe4 Nf6 14. Bd3 b6 15.
Rfe1 Bb7 16. a3 a5 17. Rc1 Qc7 18. c5 bxc5 19. dxc5 Bf4 20. Bxf4 Qxf4 21. Ne5
Ba6 22. Bxa6 Rxa6 23. Qc4 Qxc4 24. Nxc4 Rd5 25. b4 axb4 26. axb4 Rd4 27. Red1
Rxd1+ 28. Rxd1 Nd5 29. g3 Nxb4 30. Rb1 Nd5 31. Rb8+ Kh7 32. Rc8 Ra1+ 33. Kg2 Rc1
34. Nd6 Rxc5 35. Nxf7 Rc2 36. Ne5 c5 37. h4 Nf6 38. Kf3 h5 39. Rc7 Rc3+ 40. Kg2
Ne4 41. Nd7 Rc2 42. Nf8+ Kh6 43. Nxe6 Rxf2+ 44. Kg1 Rf3 45. Nxc5 Rxg3+ 46. Kh2
Rg4 47. Nxe4 Rxh4+ 48. Kg3 Rxe4 49. Rc6+ g6 50. Rd6 Ra4 51. Kh3 Ra5 52. Kg3 Kg5
53. Rd3 h4+ 54. Kh3 Kh5 55. Rb3 g5 56. Rb4 g4+ 0-1

[Event "Euro Online U2300 Day 1"]
[Site "chess.com INT"]
[Date "2020.05.25"]
[Round "2"]
[White "Plaksin, Igor"]
[Black "Salamero Pelay, Fernando"]
[Result "1-0"]
[WhiteElo "1868"]
[BlackElo "2071"]
[WhiteFideId "34182117"]
[BlackFideId "2207303"]
[EventDate "2020.05.25"]

1. e4 c5 2. Nf3 Nc6 3. d4 cxd4 4. Nxd4 Nf6 5. Nc3 e5 6. Ndb5 d6 7. Bg5 a6 8. Na3
Be6 9. Bc4 b5 10. Bd5 Bxd5 11. Nxd5 Be7 12. Bxf6 Bxf6 13. Qg4 O-O 14. h4 Kh8 15.
O-O-O Rc8 16. Kb1 Nd4 17. c3 Ne6 18. Nc2 a5 19. Nce3 b4 20. c4 a4 21. Nxb4 a3
22. b3 Rb8 23. Ned5 Nd4 24. Rxd4 exd4 25. Nd3 Qa5 26. Qe2 Rfc8 27. Ka1 Bd8 28.
g4 Rb7 29. g5 Qa6 30. f4 Ba5 31. h5 Rxc4 32. bxc4 Qxc4 33. Rc1 Bc3+ 34. Nxc3
dxc3 35. Rc2 Qb5 36. Qd1 Qc4 37. Nc1 h6 38. Nb3 Qxe4 39. gxh6 Qxf4 40. hxg7+ Kg8
41. Qe1 Qf5 42. Qe8+ Kxg7 43. Rg2+ Kf6 44. Qh8+ Ke6 45. Nd4+ Kd5 46. Nxf5 c2 47.
Qd4+ Ke6 48. Qe4+ Kf6 49. Qxc2 Rb5 50. Nd4 Re5 51. Rf2+ Kg7 52. Nf5+ Kf6 53.
Nxd6+ Ke6 54. Re2 1-0

[Event "Euro Online U2300 Day 1"]
[Site "chess.com INT"]
[Date "2020.05.25"]
[Round "2"]
[White "Gottstein, Claudius-Thomas"]
[Black "Padalka, Artem"]
[Result "1-0"]
[WhiteElo "2113"]
[BlackElo "2203"]
[WhiteFideId "4653327"]
[BlackFideId "14118637"]
[EventDate "2020.05.25"]

1. e4 c6 2. d4 d5 3. f3 e6 4. Nc3 Nf6 5. Bg5 Bb4 6. e5 h6 7. Bh4 g5 8. Bf2 Nfd7
9. h4 c5 10. a3 Bxc3+ 11. bxc3 Nc6 12. hxg5 Qxg5 13. Qd2 Qg7 14. Ne2 f6 15. Nf4
Qf7 16. exf6 Nxf6 17. Bd3 Ne7 18. Bh4 c4 19. Be2 Bd7 20. Bxf6 Qxf6 21. Nh5 Qg6
22. g4 O-O-O 23. O-O-O Nc6 24. Rde1 e5 25. dxe5 Nxe5 26. Qxd5 Rhe8 27. Qc5+ Kb8
28. Nf4 Qa6 29. Kb2 Rc8 30. Qb4 Rc6 31. Ka2 Rb6 32. Qc5 Qa4 33. Bd1 Rb5 34. Qd6+
Ka8 35. Nd5 Rxd5 36. Qxd5 Bc6 37. Qc5 b6 38. Qb4 Qa6 39. f4 Nf7 40. Rxe8+ Bxe8
41. Qe7 Qc8 42. Re1 Bc6 43. Qxf7 1-0

[Event "Euro Online U2300 Day 1"]
[Site "chess.com INT"]
[Date "2020.05.25"]
[Round "2"]
[White "Yakimova, Mariya"]
[Black "Goltseva, Ekaterina"]
[Result "1-0"]
[WhiteTitle "WFM"]
[BlackTitle "FM"]
[WhiteElo "2269"]
[BlackElo "2306"]
[WhiteFideId "34188859"]
[BlackFideId "24173770"]
[EventDate "2020.05.25"]

1. d4 Nf6 2. c4 e6 3. g3 Bb4+ 4. Bd2 Be7 5. Bg2 d5 6. Nf3 O-O 7. O-O Nbd7 8. Qc2
c6 9. b3 Ne4 10. Bf4 g5 11. Bc1 f5 12. Nfd2 Bf6 13. Bb2 Bg7 14. Nxe4 dxe4 15. f3
exf3 16. exf3 Qb6 17. c5 Qd8 18. Nd2 e5 19. dxe5 Nxe5 20. Rad1 Qc7 21. Nc4 Be6
22. Nxe5 Bxe5 23. Bxe5 Qxe5 24. Rfe1 Qf6 25. Rd6 Rae8 26. Bf1 Kg7 27. Bc4 Bxc4
28. Rxe8 Rxe8 29. Rxf6 Re1+ 30. Kf2 Re2+ 31. Qxe2 Bxe2 32. Rxf5 Bd3 33. Rxg5+
Kf6 34. Rg8 1-0

[Event "Euro Online U2300 Day 1"]
[Site "chess.com INT"]
[Date "2020.05.25"]
[Round "2"]
[White "Marchesich, Giovanni"]
[Black "Abdrlauf, Elham"]
[Result "0-1"]
[BlackTitle "FM"]
[WhiteElo "2046"]
[BlackElo "2362"]
[WhiteFideId "2824790"]
[BlackFideId "1533533"]
[EventDate "2020.05.25"]

1. e4 c6 2. d4 d5 3. Nc3 dxe4 4. Nxe4 Nf6 5. Nxf6+ exf6 6. c3 Bd6 7. Bd3 O-O 8.
Qc2 Re8+ 9. Ne2 h5 10. O-O h4 11. h3 Be6 12. Be3 Nd7 13. Rae1 Nf8 14. Nf4 Bxf4
15. Bxf4 Qd7 16. Bh2 b5 17. b3 f5 18. Re2 Rad8 19. Rfe1 b4 20. cxb4 Qxd4 21. Bc4
Qd7 22. Bf4 Bxc4 23. Rxe8 Rxe8 24. Rxe8 Qxe8 25. Qxc4 Qe1+ 26. Kh2 Qxf2 27. a4
Ne6 28. Bd6 Nd4 0-1

[Event "Euro Online U2300 Day 1"]
[Site "chess.com INT"]
[Date "2020.05.25"]
[Round "2"]
[White "Kacprzak, Karol"]
[Black "Silich, Yahor"]
[Result "1-0"]
[BlackTitle "FM"]
[WhiteElo "1988"]
[BlackElo "2330"]
[WhiteFideId "21819327"]
[BlackFideId "13513656"]
[EventDate "2020.05.25"]

1. d4 Nf6 2. Nf3 g6 3. c4 Bg7 4. Nc3 d6 5. e4 O-O 6. Be2 Nbd7 7. O-O e5 8. Qc2
c6 9. Rd1 Qe7 10. d5 c5 11. a3 Ne8 12. Bg5 f6 13. Bh4 Qf7 14. Bd3 h6 15. Nd2 f5
16. f3 f4 17. b4 g5 18. Bf2 b6 19. bxc5 Nxc5 20. Nb3 h5 21. a4 a5 22. Nd2 Qg6
23. Rab1 Ra6 24. Rb2 Nf6 25. Rdb1 Nfd7 26. Nb5 g4 27. Nc7 Ra7 28. Ne6 Rf7 29.
Rxb6 Nxb6 30. Rxb6 Bxe6 31. dxe6 Rfb7 32. Rxd6 Bf8 33. e7 Qxd6 34. e8=Q Rg7 35.
Bf1 Rad7 36. Nb3 Rd8 37. Qxh5 Ne6 38. c5 Qd1 39. Qxd1 Rxd1 40. Qxe5 1-0

[Event "Euro Online U2300 Day 1"]
[Site "chess.com INT"]
[Date "2020.05.25"]
[Round "2"]
[White "Antonica, Dragos-Andrei"]
[Black "Melnikov, Sergey"]
[Result "0-1"]
[WhiteTitle "FM"]
[WhiteElo "2301"]
[BlackElo "2039"]
[WhiteFideId "1246372"]
[BlackFideId "34141062"]
[EventDate "2020.05.25"]

1. d4 Nf6 2. c4 c5 3. d5 e5 4. Nc3 d6 5. g3 Be7 6. Bg2 O-O 7. e4 Na6 8. Nge2 Nc7
9. O-O Rb8 10. a4 a6 11. a5 b5 12. axb6 Rxb6 13. h3 Bd7 14. Kh2 Rb4 15. Qd3 Nh5
16. f4 f6 17. Bf3 g6 18. Bxh5 gxh5 19. f5 Kh8 20. Rb1 Rg8 21. Bd2 Rb7 22. Nd1
Qb8 23. b3 Bf8 24. Qc3 Bg7 25. b4 cxb4 26. Rxb4 Rxb4 27. Qxb4 Qxb4 28. Bxb4 Bf8
29. Ba5 Na8 30. Ne3 Bh6 31. Nc2 Rb8 32. Nb4 Bc8 33. Nc1 Nb6 34. Nc6 Rb7 35. Nd8
Rb8 36. Nc6 Rb7 37. c5 Nc4 38. Nd3 Rb3 39. Nf2 Rb2 40. Kg1 dxc5 41. Bd8 Kg7 42.
Be7 Be3 43. Nd8 Nd2 44. Rd1 Nf3+ 45. Kh1 Rxf2 0-1

[Event "Euro Online U2300 Day 1"]
[Site "chess.com INT"]
[Date "2020.05.25"]
[Round "2"]
[White "Tsomaia, Nikoloz"]
[Black "Jakubowska, Anna"]
[Result "0-1"]
[BlackTitle "WIM"]
[WhiteElo "2240"]
[BlackElo "2073"]
[WhiteFideId "13611518"]
[BlackFideId "1121952"]
[EventDate "2020.05.25"]

1. e4 c6 2. d4 d5 3. exd5 cxd5 4. Bd3 Nc6 5. c3 Nf6 6. Bf4 Bg4 7. Qb3 Qc8 8. Nd2
e6 9. Ngf3 Be7 10. O-O O-O 11. Rfe1 Bh5 12. Qc2 Bg6 13. Bxg6 hxg6 14. Qd3 Nh5
15. Bg5 Bxg5 16. Nxg5 Qd8 17. Qe3 Qf6 18. g3 Rfe8 19. Ndf3 Rac8 20. h3 Na5 21.
b3 Rc7 22. Rac1 Rec8 23. Ne5 Nc6 24. c4 Nxd4 25. h4 Nf5 26. Qxa7 Nh6 27. Qe3
dxc4 28. bxc4 Qf5 29. Nef3 Ng4 30. Qb6 Qc5 31. Qb2 Nhf6 32. Kg2 Rc6 33. Red1 Rb6
34. Qc3 Qxf2+ 35. Kh3 Rb2 0-1

[Event "Euro Online U2300 Day 1"]
[Site "chess.com INT"]
[Date "2020.05.25"]
[Round "2"]
[White "Arias Igual, Alejandro"]
[Black "Kovacevic, Krsto"]
[Result "1-0"]
[WhiteTitle "FM"]
[WhiteElo "2214"]
[BlackElo "2117"]
[WhiteFideId "2254905"]
[BlackFideId "14519739"]
[EventDate "2020.05.25"]

1. d4 Nf6 2. Bf4 e6 3. e3 d5 4. Nf3 Bd6 5. Bg3 O-O 6. Nbd2 b6 7. Bd3 Ba6 8. Bxa6
Nxa6 9. O-O c5 10. c3 Nb8 11. Qe2 Nc6 12. Ne5 Qc7 13. f4 Ne4 14. Nxe4 dxe4 15.
Rac1 f5 16. Rfd1 Rfd8 17. Bh4 Re8 18. Qb5 Bxe5 19. dxe5 a6 20. Qc4 Na5 21. Qe2
b5 22. b3 c4 23. b4 Nb7 24. Rd4 a5 25. a3 axb4 26. axb4 Ra3 27. Qh5 Rea8 28. Qd1
h6 29. h3 Qb6 30. Kh2 Ra2 31. Qh5 Kh7 32. Qf7 Nd8 33. Bxd8 Rxd8 34. Rcd1 Rxd4
35. Rxd4 Ra7 36. Qe8 Ra2 37. h4 1-0

[Event "Euro Online U2300 Day 1"]
[Site "chess.com INT"]
[Date "2020.05.25"]
[Round "2"]
[White "Papadiamandis, Elliot"]
[Black "Ivchenko, Alexander"]
[Result "1-0"]
[WhiteTitle "CM"]
[WhiteElo "2269"]
[BlackElo "1891"]
[WhiteFideId "36074160"]
[BlackFideId "24213268"]
[EventDate "2020.05.25"]

1. e4 c6 2. d4 d5 3. Nc3 dxe4 4. Nxe4 Nd7 5. Bd3 Ngf6 6. Ng5 e6 7. N1f3 Bd6 8.
Qe2 h6 9. Ne4 Nxe4 10. Qxe4 Nf6 11. Qh4 Ke7 12. Ne5 Bxe5 13. dxe5 Qa5+ 14. c3
Qxe5+ 15. Be3 Qd5 16. O-O-O b6 17. Kb1 Bb7 18. Bc2 Qb5 19. Bd4 Qg5 20. Bxf6+
gxf6 21. Qb4+ c5 22. Qa4 Rhd8 23. Rxd8 Rxd8 24. Qxa7 Qxg2 25. Re1 Rd7 26. Qxb6
Qxf2 27. Rc1 f5 28. a4 Be4 29. Bxe4 fxe4 30. a5 Qf5 31. a6 e3+ 32. Ka1 e2 33. a7
Rd1 34. a8=Q Rxc1+ 35. Ka2 Qd5+ 36. Qxd5 exd5 37. Qxc5+ Kd7 38. Qb5+ Kd6 39.
Qxe2 1-0

[Event "Euro Online U2300 Day 1"]
[Site "chess.com INT"]
[Date "2020.05.25"]
[Round "2"]
[White "Verbin, Valentina"]
[Black "Pavlov, Mikhail"]
[Result "1-0"]
[WhiteElo "1982"]
[BlackElo "2091"]
[WhiteFideId "13905910"]
[BlackFideId "44126573"]
[EventDate "2020.05.25"]

1. d4 Nf6 2. c4 c5 3. e3 d5 4. cxd5 cxd4 5. Qa4+ Bd7 6. Qxd4 Qa5+ 7. Nc3 g6 8.
Bc4 Bg7 9. Qd2 O-O 10. Nf3 Na6 11. O-O Rac8 12. Bb3 Rfd8 13. Ne5 Be8 14. Nc4 Qb4
15. e4 Rxc4 16. Bxc4 Qxc4 17. f3 e6 18. Rd1 exd5 19. e5 Nd7 20. Qxd5 Qxd5 21.
Nxd5 Bxe5 22. Be3 b6 23. a4 Kg7 24. a5 Bxb2 25. Ra2 Be5 26. axb6 Nf6 27. Rxa6
Nxd5 28. Rxd5 Rxd5 29. bxa7 Rd1+ 30. Kf2 Bb5 31. g3 Rf1+ 32. Kg2 Bxa6 33. a8=Q
Bd3 34. Qd5 Rd1 35. Qxe5+ Kg8 36. Bd4 Bf1+ 37. Kf2 Kf8 38. Bc5+ Kg8 39. Bd4 Kf8
40. Qb8+ Ke7 41. Qb4+ 1-0

[Event "Euro Online U2300 Day 1"]
[Site "chess.com INT"]
[Date "2020.05.25"]
[Round "2"]
[White "Vega Gomez, Francisco B."]
[Black "Lederman, Leon"]
[Result "1/2-1/2"]
[WhiteTitle "FM"]
[BlackTitle "IM"]
[WhiteElo "2272"]
[BlackElo "2241"]
[WhiteFideId "2268086"]
[BlackFideId "2800403"]
[EventDate "2020.05.25"]

1. Nf3 d5 2. d4 Nf6 3. c4 e6 4. Nc3 c6 5. Bf4 dxc4 6. e3 b5 7. a4 Qb6 8. Be2 a6
9. O-O Bb7 10. Ne5 Nbd7 11. Nxd7 Nxd7 12. b3 cxb3 13. Qxb3 Be7 14. Ne4 O-O 15.
Rfc1 Rac8 16. Nd6 Bxd6 17. Bxd6 Rfd8 18. Be7 Re8 19. Qa3 e5 20. Qd6 Qc7 21. Qxc7
Rxc7 22. Bd6 Rcc8 23. Bg4 Rcd8 24. Bc7 Nf6 25. Bxd8 Nxg4 26. Bc7 exd4 27. exd4
h5 28. Re1 Rc8 29. Bb6 Nf6 30. Re7 Ba8 31. Rae1 bxa4 32. Bc5 Rb8 33. h3 a5 34.
Ra7 Nd5 35. Rxa5 Bb7 36. Rxa4 Rd8 37. Ra7 Bc8 38. Ra8 f6 39. Rb1 Nc7 40. Ra7 Nb5
41. Ra8 Re8 42. Rb8 Kf7 43. Rd1 Be6 44. Rxe8 Kxe8 45. Re1 Kf7 46. h4 Nc3 47. f3
Nd5 48. g3 g5 49. hxg5 fxg5 50. Kf2 h4 51. gxh4 gxh4 52. Ra1 Nf4 53. Ra7+ Kg6
54. Rc7 Bd5 55. Re7 Ne6 56. Ke3 Ng5 57. f4 h3 58. f5+ Kf6 59. Kf4 h2 60. Re1
h1=Q 61. Be7+ Kf7 62. Rxh1 Bxh1 63. Bxg5 Bd5 64. Ke5 Bg2 65. Bd2 Bd5 66. Ba5 Bf3
67. Bd8 Bg4 68. Bh4 Bf3 69. Bg5 Bg2 70. Kd6 Bd5 71. Bd8 Be4 72. Ke5 Bf3 73. Bb6
Bg2 74. Ba5 Ke7 75. Be1 Kf7 76. Bh4 Bd5 77. Bg5 Bf3 78. Bh6 Bg2 79. Kf4 Bd5 80.
Kg5 Bg2 81. Kg4 Bd5 82. Bf4 Be4 83. Be5 Bd5 84. Kf4 Bb3 85. Ke3 Bd5 86. Kf4 Bc4
87. Kg5 Bd3 88. Kf4 Bc4 89. Ke3 Bd5 90. Kd3 Bg2 91. Kc4 Bd5+ 92. Kc5 Bg2 93. Kd6
Bd5 94. Kd7 Be4 95. Kc7 Bf3 96. Kb6 Bd5 97. Kc5 Bg2 98. Bh8 Bd5 99. Kd6 Bf3 100.
Ke5 Bd5 101. Bf6 Bf3 102. Bd8 Bd5 103. Ba5 Bf3 104. Bb4 Bd5 105. Bd2 Bg2 106.
Bg5 Bd5 107. Bh4 Bf3 108. Bf2 Bd5 109. Kf4 Bg2 110. Bh4 Bd5 111. Ke3 Bg2 112.
Kf2 Bd5 113. Kg1 1/2-1/2

[Event "Euro Online U2300 Day 1"]
[Site "chess.com INT"]
[Date "2020.05.25"]
[Round "2"]
[White "Aliakbarov, Anar"]
[Black "Blum, Frederik"]
[Result "1-0"]
[WhiteTitle "FM"]
[WhiteElo "2219"]
[BlackElo "2061"]
[WhiteFideId "13401858"]
[BlackFideId "4640136"]
[EventDate "2020.05.25"]

1. d4 Nf6 2. c4 g6 3. Nc3 d5 4. cxd5 Nxd5 5. e4 Nxc3 6. bxc3 Bg7 7. Nf3 O-O 8.
Be2 c5 9. O-O Nc6 10. Be3 Qa5 11. d5 Rd8 12. Qc2 Ne5 13. Nxe5 Bxe5 14. Rab1 b6
15. Rfc1 Ba6 16. c4 Bd4 17. Bxd4 cxd4 18. e5 Rac8 19. Qe4 Qc5 20. a4 Bb7 21. Qf4
Ba6 22. h4 e6 23. d6 Bb7 24. h5 Qa5 25. h6 f5 26. Rb5 Qxa4 27. Qg5 Rd7 28. Qf6
Rxc4 29. Qxe6+ Kf8 30. Bxc4 1-0

[Event "Euro Online U2300 Day 1"]
[Site "chess.com INT"]
[Date "2020.05.25"]
[Round "2"]
[White "Hartikainen, Jarmo"]
[Black "Budakova, Taulant"]
[Result "1-0"]
[WhiteTitle "CM"]
[WhiteElo "2149"]
[BlackElo "2060"]
[WhiteFideId "503134"]
[BlackFideId "4702204"]
[EventDate "2020.05.25"]

1. e4 e5 2. Nf3 Nc6 3. d4 exd4 4. Nxd4 Bc5 5. Be3 Qf6 6. c3 Nge7 7. g3 d6 8. Bg2
O-O 9. O-O Bb6 10. Na3 Be6 11. Nxc6 Nxc6 12. Bxb6 axb6 13. f4 Na5 14. Qd3 Rfe8
15. b3 Nc6 16. Nb5 Rac8 17. Nd4 Bd7 18. Rae1 Ra8 19. a4 h6 20. Nb5 Qd8 21. h3
Qc8 22. Kh2 Na5 23. c4 Nc6 24. Re2 Nd8 25. Rfe1 Ne6 26. e5 Nc5 27. Qc3 dxe5 28.
Rxe5 Bxb5 29. cxb5 Rxe5 30. Rxe5 Qd7 31. Qe3 Rd8 32. Re7 Qd6 33. Re8+ Rxe8 34.
Qxe8+ Qf8 35. Qe3 Qd8 36. a5 Nd7 37. a6 Qb8 38. Bxb7 Nc5 39. Bd5 Kf8 40. b4 Nd7
41. Qa3 Qa7 42. Qb3 f6 43. Bg8 Ke7 44. Qf7+ Kd6 45. Qe6# 1-0

[Event "Euro Online U2300 Day 1"]
[Site "chess.com INT"]
[Date "2020.05.25"]
[Round "2"]
[White "Babiy, Olga"]
[Black "Khachatryan, Anna"]
[Result "0-1"]
[WhiteTitle "WGM"]
[BlackTitle "WFM"]
[WhiteElo "2228"]
[BlackElo "2071"]
[WhiteFideId "14117258"]
[BlackFideId "13310780"]
[EventDate "2020.05.25"]

1. e4 c5 2. Nf3 Nc6 3. d4 cxd4 4. Nxd4 e5 5. Nb5 d6 6. c4 Be7 7. N1c3 a6 8. Na3
f5 9. exf5 Bxf5 10. Bd3 Be6 11. Nc2 Nf6 12. O-O O-O 13. Ne3 Nd4 14. b3 Qd7 15.
Bb2 Bd8 16. Ne2 Nxe2+ 17. Qxe2 Bb6 18. Rad1 Rad8 19. Bb1 Qc7 20. a3 Ba7 21. Rc1
Rf7 22. Nd5 Bxd5 23. cxd5 Qd7 24. Rc4 Rdf8 25. Qc2 g6 26. Kh1 Ng4 27. Rxg4 Qxg4
28. f3 Qh4 29. b4 Be3 30. Bc1 Bd4 31. Qc4 Bf2 32. Be4 Bg3 33. h3 Rxf3 34. Rxf3
Rxf3 35. Qc8+ Rf8 36. Qe6+ Kg7 37. Bf3 Qf6 38. Qd7+ Rf7 39. Qc8 e4 0-1

[Event "Euro Online U2300 Day 1"]
[Site "chess.com INT"]
[Date "2020.05.25"]
[Round "2"]
[White "Anfinogenov, Artem"]
[Black "Sieber, Fiona"]
[Result "1/2-1/2"]
[BlackTitle "WIM"]
[WhiteElo "2054"]
[BlackElo "2201"]
[WhiteFideId "4197461"]
[BlackFideId "12902373"]
[EventDate "2020.05.25"]

1. d4 Nf6 2. c4 e6 3. Nc3 Bb4 4. f3 O-O 5. e4 d5 6. e5 Nfd7 7. a3 Bxc3+ 8. bxc3
c5 9. f4 Nc6 10. Nf3 f6 11. Bd3 fxe5 12. fxe5 cxd4 13. cxd4 Nxd4 14. Nxd4 Nxe5
15. Bxh7+ Kxh7 16. Qh5+ Kg8 17. Qxe5 dxc4 18. Bb2 Qh4+ 19. g3 Qg4 20. h3 Qg6 21.
O-O-O Bd7 22. Rhf1 Rac8 23. Bc3 Rxf1 24. Rxf1 Qd3 25. Ne2 Qg6 26. g4 Ba4 27. Nd4
Re8 28. Qe3 e5 29. Nf5 Qc6 30. Qg5 Qd7 31. Nh6+ Kh8 32. Nf7+ Kg8 33. Nxe5 Qd5
34. Nf7 Qxg5+ 35. Nxg5 Re2 36. Bb4 g6 37. h4 Rc2+ 38. Kb1 c3 39. h5 Bb3 40. h6
Rb2+ 41. Kc1 Rc2+ 42. Kb1 Rb2+ 43. Ka1 Ra2+ 44. Kb1 Rb2+ 1/2-1/2

[Event "Euro Online U2300 Day 1"]
[Site "chess.com INT"]
[Date "2020.05.25"]
[Round "2"]
[White "Basa, Manasvita"]
[Black "Matthiesen, Martin"]
[Result "0-1"]
[BlackTitle "FM"]
[WhiteElo "1711"]
[BlackElo "2260"]
[WhiteFideId "1060228"]
[BlackFideId "1404067"]
[EventDate "2020.05.25"]

1. e4 c5 2. d4 cxd4 3. c3 Nf6 4. e5 Nd5 5. cxd4 d6 6. f4 Nc6 7. Nf3 Bg4 8. Be2
e6 9. Nc3 dxe5 10. fxe5 Bb4 11. Bd2 Bxf3 12. Bxf3 Qh4+ 13. g3 Qxd4 14. Nxd5 exd5
15. Bxb4 Qxb4+ 16. Qd2 Qxd2+ 17. Kxd2 Nxe5 18. Rhe1 f6 19. Rad1 O-O-O 20. Bg2
Rd6 21. Rc1+ Kb8 22. b3 Rc8 23. Rxc8+ Kxc8 24. Bh3+ Kc7 25. Rc1+ Rc6 26. Rxc6+
bxc6 27. Ke3 Kd6 28. b4 c5 29. a3 Nc4+ 30. Kd3 Nxa3 31. bxc5+ Kxc5 32. Kc3 a5
33. Kb3 Nc4 34. Bf5 g6 35. Be6 Ne3 36. Bg8 h6 37. Be6 Nf1 38. Bc8 Nxh2 39. Ba6
Nf3 40. Ka4 Kb6 41. Bd3 Ne5 42. Be2 g5 43. g4 d4 44. Kb3 d3 45. Bd1 Kb5 46. Kc3
a4 47. Kd2 Kb4 48. Kc1 a3 49. Kb1 Kc3 50. Ka2 Nc4 51. Bb3 d2 52. Bd1 Ne3 53. Bf3
d1=Q 54. Bxd1 Nxd1 55. Kxa3 Ne3 56. Ka4 Nxg4 57. Kb5 f5 58. Kc5 f4 59. Kd5 f3
60. Ke4 f2 61. Kf5 f1=Q+ 62. Kxg4 Qf4+ 63. Kh5 g4 64. Kg6 g3 65. Kh7 g2 66. Kh8
g1=Q 67. Kh7 Qf7+ 68. Kxh6 Qgg6# 0-1

[Event "Euro Online U2300 Day 1"]
[Site "chess.com INT"]
[Date "2020.05.25"]
[Round "2"]
[White "Gacek, Waldemar"]
[Black "Afanasiev, Dmitry2"]
[Result "0-1"]
[WhiteElo "2081"]
[BlackElo "2175"]
[WhiteFideId "1111841"]
[BlackFideId "4131347"]
[EventDate "2020.05.25"]

1. Nf3 Nf6 2. c4 g6 3. Nc3 Bg7 4. g3 O-O 5. Bg2 d6 6. O-O Nc6 7. d3 e5 8. Rb1 a5
9. a3 h6 10. b4 axb4 11. axb4 Be6 12. b5 Ne7 13. Nd2 Qc8 14. Bb2 Bh3 15. Ra1
Bxg2 16. Kxg2 Qg4 17. f3 Qd7 18. e4 Nh5 19. Qb3 Kh7 20. Nd5 f5 21. Nxe7 Qxe7 22.
Rxa8 Rxa8 23. Nb1 Qg5 24. Bc1 Qf6 25. Nc3 Qf7 26. Bd2 Bf6 27. h4 f4 28. gxf4
Bxh4 29. fxe5 dxe5 30. Ne2 Qf6 31. Be3 Bg5 32. d4 Nf4+ 33. Nxf4 Bxf4 34. Bxf4
exf4 35. Qb2 Ra4 36. Rc1 Qg5+ 37. Kf1 Qh5 38. Qg2 Ra3 39. e5 Rxf3+ 40. Ke1 Rg3
41. Qf2 Qh3 42. c5 Rg2 0-1

[Event "Euro Online U2300 Day 1"]
[Site "chess.com INT"]
[Date "2020.05.25"]
[Round "2"]
[White "Timoshin, Andrei"]
[Black "Ignatescu, Radu"]
[Result "1-0"]
[BlackTitle "FM"]
[WhiteElo "2132"]
[BlackElo "2294"]
[WhiteFideId "4503503"]
[BlackFideId "1202910"]
[EventDate "2020.05.25"]

1. e4 Nf6 2. Nc3 d5 3. e5 Ne4 4. Nf3 Nxc3 5. bxc3 Bg4 6. d4 e6 7. h3 Bh5 8. Rb1
b6 9. c4 Be7 10. cxd5 Qxd5 11. Be2 O-O 12. O-O Rd8 13. c4 Qd7 14. Be3 Nc6 15.
Qb3 Rac8 16. Rfd1 Na5 17. Qc3 Qa4 18. Rd2 Bg6 19. Bd3 Bxd3 20. Qxd3 Qxc4 21. Qe4
c5 22. Bg5 Bxg5 23. Nxg5 h6 24. Qh7+ Kf8 25. Nf3 cxd4 26. Qh8+ Ke7 27. Qxg7 Rd5
28. Qf6+ Ke8 29. Rbd1 Nc6 30. Qxh6 Qb4 31. Qh8+ Kd7 32. Qf6 Qe7 33. Qf4 Kc7 34.
Nxd4 Nxd4 35. Rxd4 Rcd8 36. Rxd5 Rxd5 37. Rxd5 exd5 38. e6+ Qd6 39. Qxf7+ Kc6
40. e7 1-0

[Event "Euro Online U2300 Day 1"]
[Site "chess.com INT"]
[Date "2020.05.25"]
[Round "2"]
[White "Lebediantsev, Ruslan"]
[Black "Kamer, Kayra"]
[Result "1-0"]
[BlackTitle "FM"]
[WhiteElo "2075"]
[BlackElo "2325"]
[WhiteFideId "24135755"]
[BlackFideId "6367879"]
[EventDate "2020.05.25"]

1. e4 c5 2. Nf3 e6 3. b3 b6 4. Bb2 Bb7 5. d3 Nf6 6. e5 Nd5 7. d4 cxd4 8. Bxd4
Nc6 9. Bb2 d6 10. exd6 Bxd6 11. Bc4 O-O 12. O-O Nce7 13. Nbd2 Nf4 14. Re1 Nf5
15. Ne4 Bb4 16. c3 Be7 17. g3 Ng6 18. Qe2 Qc7 19. Ba6 Bc6 20. Nd4 Nxd4 21. cxd4
Rad8 22. Rac1 Qd7 23. h4 Bb4 24. Red1 Qd5 25. f3 Ne7 26. Bc4 Qd7 27. a3 Bd6 28.
Nxd6 Qxd6 29. Kf2 Nf5 30. Qe5 Qe7 31. d5 exd5 32. Bd3 Qxe5 33. Bxe5 Ne7 34. Re1
Rfe8 35. Bf4 Bd7 36. Rc7 a5 37. Rb7 Nc6 38. Rxd7 Rxe1 39. Rxd8+ Nxd8 40. Kxe1
Ne6 41. Be5 g6 42. Kd2 Kf8 43. Bf6 Nc5 44. Bc2 Nd7 45. Bd4 Ke7 46. b4 axb4 47.
axb4 Kd6 48. Ba4 Ne5 49. Bxe5+ Kxe5 50. Ke3 f6 51. f4+ Kd6 52. Kd4 h6 53. Bb3
Kc6 54. Bxd5+ Kb5 55. Kc3 g5 56. fxg5 fxg5 57. hxg5 hxg5 58. g4 Ka4 59. Kc4 1-0